[Event "Barcelona La Lira op 14th"]
[Site "Barcelona"]
[Date "2023.05.25"]
[Round "6"]
[White "Rodriguez Saez, Gerard"]
[Black "Sobrepere Profitos, Josep Ma"]
[Result "1/2-1/2"]
[WhiteElo "1880"]
[BlackElo "1621"]
[PlyCount "79"]
[EventDate "2023.04.20"]
[EventType "swiss"]
[EventRounds "9"]
[EventCountry "ESP"]
[SourceTitle "EXT 2024"]
[Source "ChessBase"]
[SourceDate "2023.10.10"]
[SourceVersion "1"]
[SourceVersionDate "2023.10.10"]
[SourceQuality "1"]

1. d4 d5 2. c4 Nf6 3. Nf3 c6 4. g3 Bf5 5. Bg2 e6 6. 0-0 Be7 7. Nbd2 h6 8. b3 0-0 9. Bb2 Nbd7 10. Re1 a5 11. e3 a4 12. c5 b6 13. b4 bxc5 14. dxc5 a3 15. Bc3 Qb8 16. Nd4 Rc8 17. Nxf5 exf5 18. Rb1 Ne4 19. Nxe4 fxe4 20. Bxe4 Ne5 21. Bc2 Bf6 22. Bd4 Re8 23. f4 Nd7 24. Qd3 g6 25. e4 dxe4 26. Rxe4 Rd8 27. Bxf6 Nxf6 28. Rd4 Qc7 29. Rd1 Re8 30. Bb3 Qe7 31. Qxg6+ Kf8 32. Qxh6+ Kg8 33. f5 Rab8 34. Rd6 Nd5 35. Bxd5 cxd5 36. f6 Qe3+ 37. Qxe3 Rxe3 38. R1xd5 Rxb4 39. Rd3 Re2 40. Rd1 1/2-1/2